Спутниковая метеорология: учебное пособие; Ч. 1 : Основные закономерности движения искусственного спутника Земли. Особенности получения спутниковой информации

Podrobná bibliografie
Hlavní autor: Герман М. А.
Korporativní autor: Ленинградский гидрометеорологический институт
Jazyk:ruština
Vydáno: Ленинград, Типография ВОК, 1971
Témata:
Médium: MixedMaterials Kniha
KOHA link:https://koha.lib.tpu.ru/cgi-bin/koha/opac-detail.pl?biblionumber=355936

MARC

LEADER 00000nam0a2200000 4500
001 355936
005 20231102010838.0
035 |a (RuTPU)RU\TPU\retro\13196 
090 |a 355936 
100 |a 20200714d1971 m y0rusy50 ca 
101 0 |a rus 
102 |a RU 
105 |a a j 001zy 
200 1 |a Спутниковая метеорология  |e учебное пособие  |h  Ч. 1 : Основные закономерности движения искусственного спутника Земли. Особенности получения спутниковой информации  |f М. А. Герман  |g Ленинградский гидрометеорологический институт 
210 |a Ленинград  |c Типография ВОК  |d 1971 
215 |a 170 с.  |c ил. 
320 |a Библиогр.: с. 162-167 
606 1 |a Метеорология спутниковая  |2 stltpush  |3 (RuTPU)RU\TPU\subj\43462  |9 62961 
610 1 |a искусственные спутники 
610 1 |a спутниковая информация 
610 1 |a учебные пособия 
610 1 |a тяготение 
610 1 |a географические координаты 
610 1 |a метеорологическая информация 
610 1 |a атмосферные наблюдения 
675 |a 551.507(075.8)  |v 4 
700 1 |a Герман  |b М. А. 
712 0 2 |a Ленинградский гидрометеорологический институт  |c (1945-1992)  |2 stltpush  |3 (RuTPU)RU\TPU\col\8522  |9 24543 
801 1 |a RU  |b 63413507  |c 20200714 
801 2 |a RU  |b 63413507  |c 20210302  |g RCR 
942 |c BK